01091cam a2200301 a 450000100090000000300040000900500170001300800410003001000170007102000150008802000180010302500260012103500210014703700600016804000130022804200100024104300210025105000250027208200190029710000310031624501030034726000330045030000180048352001240050165000540062565100630067965100470074211997388OSt20200220151510.0000128s1999 ii b b 001 0 eng  a 99947781  a0140290672 a9788126431663 aI-E-99-947781; 561-10 a(DLC) 99947781 bLibrary of Congress -- New Delhi Field OfficecRs295.00 aDLCcDLC alcode aa-bg---aa-ii---00aDS396.8.C4bC45 1999 a954.035bCHA/C aChatterjee, Manini d1961-10aChittagong viplavam 1930-34 = Do and die :bthe Chittagong uprising, 1930-34 /cManini Chatterjee. aKottayam ;bDC Books,c2011. axiv, 368 p. : aOn the role of the young revolutionaries from Chattagram District, now in Bangladesh, in the freedom struggle of India. 0aRevolutionarieszBangladeshzChattagram District. 0aChattagram District (Bangladesh)xPolitics and government. 0aIndiaxPolitics and governmenty1919-1947.